000 00328nam a22001217a 4500
040 _cNUST
082 _a150.1986
_bSHA
100 _aShah, Qasim Ali
_912591
245 _aاپنی تلاش Apni Talash /
_cQasim Ali Shah قاسم علی شاہ
260 _aLahore :
_bNai Soch,
_c2017.
300 _a176 p
942 _2ddc
_cBKB
999 _c592720
_d592720